Etika voleného predstaviteľa

Základné princípy morálneho správania sa človeka. Profesionálna etika. Morálny kódex voleného predstaviteľa. Typy nemorálneho správania sa. Pomery na Slovensku.

Salvato in:
Dettagli Bibliografici
Autore principale: Bošanský, Ľubomír
Natura: Capitolo di libro
Lingua:slovacco
Soggetti:
Tags: Aggiungi Tag
Nessun Tag, puoi essere il primo ad aggiungerne!!

MARC

LEADER 00000naa a2200000 4500
001 r035290
005 20230825081819.5
041 0 |a slo 
044 |a SK 
245 1 0 |a Etika voleného predstaviteľa  |c Ľubomír Bošanský 
520 |a Základné princípy morálneho správania sa človeka. Profesionálna etika. Morálny kódex voleného predstaviteľa. Typy nemorálneho správania sa. Pomery na Slovensku. 
610 2 0 |a etika 
610 2 0 |a morálka 
610 2 0 |a kódexy etické 
610 2 0 |a vzťahy medziľudské 
610 2 0 |a poslanci 
610 2 0 |a občania 
610 2 0 |a správa štátna 
610 2 0 |a Slovensko 
100 1 |a Bošanský, Ľubomír